00528nam a2200157Ia 4500020001800000082001700018245008200035260004500117300001300162504003200175650003200207650002700239650004100266650004100307700002200348 a9788120417373 a923.373 MIL- 0aMilton Friedman nobel monetary economist: review of his theories and politics aNew DelhibOxford & IBH Publishingc2009 axiv, 285 aincludes annexure and index aFriedman, MiltonvBiography aEconomistsvBiography  aEconomistsvBiographyzUnited States aFriedman, MiltonvViews on economics aPuttaswamaiah, K.